Statistics for Juventus Best Scorer By Year

Click here to take the quiz!

General Stats

  • This quiz has been taken 527 times
    (99 since last reset)
  • The average score is 7 of 12

Answer Stats

Player % Correct
Cristiano Ronaldo
99%
Paulo Dybala
93%
Gonzalo Higuain
92%
Alessandro Del Piero
86%
David Trezeguet
69%
Carlos Tevez
63%
Zlatan Ibrahimovic
58%
Filippo Inzaghi
44%
Fabio Quagliarella
34%
Mirko Vučinić
31%
Alessandro Matri
27%
Arturo Vidal
26%

Score Distribution

Percentile by Number Answered

Percent of People with Each Score

Your Score History

You have not taken this quiz since the last reset